00722nam a2200193 a 4500001000400000003000800004005001700012008004100029035001800070040004000088041000800128082001800136100004200154245015100196260006700347300002100414600002900435700006400464516BD-RjUL20211208233207.0131118s1931 ilu b 000 0 eng  a(BD-RjUL) 533 aDLCcOOxMdOCoLCdDLCdBD-RjULbeng aeng00a012bFLC 19671 aFletcher, Harris Francis,d1892-1979.00aContributions to a Milton bibliography, 1800-1930 :bbeing a list of addenda to Stevens's Reference guide to Milton /cby Harris Francis Fletcher. a[Urbana] :bThe University of Illinois,c1931 [Reissued 1967]. a166 p. ;c27 cm.10aMilton, John,d1608-16741 aStevens, David Harrison,d1884-tReference guide to Milton.